000 00287nam a2200121 i 4500
001 bg
245 0 _aRacjonalizacja użytkowania paliw i energii w przemyśle.
260 _aWrocław,
_c1978.
040 _cBPK
041 _apol
942 _cKS
008 s pl f |000 0 pol
999 _c9760
_d9760
856 _uhttp://koha.tu.koszalin.pl/cgi-bin/koha/opac-detail.pl?biblionumber=9760
_yKatalog online BPK